Entry Nombre personal
001 - NÚMERO DE CONTROL
- campo de control: 70554
003 - IDENTIFICADOR DE NÚMERO DE CONTROL
- campo de control: SpMaBN
005 - FECHA Y HORA DE LA ÚLTIMA TRANSACCIÓN
- campo de control: 20250818030211.0
008 - ELEMENTOS DE DATO DE LONGITUD-FIJA
- campo de control de longitud fija: 000401nn ainnnaabn n aac
016 ## - NÚMERO DE CONTROL DE UNA AGENCIA BIBLIOGRÁFICA NACIONAL
- Número de control del registro: BNE20003677339
040 ## - FUENTE DE CATALOGACIÓN
- Centro catalogador/agencia de origen: SpMaBN
- Lengua de catalogación: spa
- Centro/agencia transcriptor: SpMaBN
- Normas de descripción: rdc
- Convención/Normas de encabezamiento de materia/tesauro: embne
046 ## - FECHAS CON CODIFICACIÓN ESPECIAL
- Fecha de nacimiento: 1611
- Fecha de la muerte: 1675
100 1# - ENCABEZAMIENTO-NOMBRE DE PERSONA
- Nombre de persona: Turenne, Henri de La Tour d'Auvergne,
- Títulos y otros términos asociados al nombre: Vizconde de,
- Fechas asociadas al nombre: 1611-1675
400 1# - TRAZADO DE VÉASE--NOMBRE DE PERSONA
- Nombre de persona: Turenne,
- Títulos y otros términos asociados al nombre: Vizconde de,
- Fechas asociadas al nombre: 1611-1675
400 1# - TRAZADO DE VÉASE--NOMBRE DE PERSONA
- Nombre de persona: Turenne,
- Títulos y otros términos asociados al nombre: Mariscal,
- Fechas asociadas al nombre: 1611-1675
670 ## - FUENTE DE DATOS ENCONTRADOS
- Cita de la fuente: WWW SUDOC aut., 13-09-20161b034345477
- Identificador Uniforme de Recursos: https://www.idref.fr/034345477
670 ## - FUENTE DE DATOS ENCONTRADOS
- Cita de la fuente: Noble y militar francés, Mariscal de Francia y Mariscal General
